| 000 | 01417cam a2200409 a 4500 | ||
|---|---|---|---|
| 001 | 7722048 | ||
| 003 | USPCAS-E | ||
| 005 | 20180118181415.0 | ||
| 006 | m o d | ||
| 007 | cr zn| | ||
| 008 | 100221s2008 enka sb 001 0 eng d | ||
| 020 | _z9780750680745 | ||
| 035 | _a(CtWfDGI)bke00028236 | ||
| 035 | _a(NNC)7722048 | ||
| 040 |
_aCtWfDGI _beng _cCtWfDGI |
||
| 050 | 1 | 4 |
_aTK3226 _b.T54 2008eb |
| 082 | 0 | 4 |
_a621.31921 _222 _bTEL-P |
| 100 | 1 | _aTleis, Nasser D. | |
| 245 | 1 | 0 |
_aPower systems modelling and fault analysis _h[electronic resource] : _btheory and practice / _cNasser D. Tleis. |
| 256 | _aComputer document. | ||
| 260 |
_aOxford, Eng. ; _aBurlington, MA : _bElsevier/Newnes, _c2008 _e(Norwood, Mass. : _fBooks24x7.com [generator]) |
||
| 500 | _aTitle from title screen. | ||
| 502 | _a0 | ||
| 504 | _aIncludes bibliographical references and index. | ||
| 516 | _aText. | ||
| 530 | _aAvailable also in a print ed. | ||
| 538 | _aMode of access: Internet via World Wide Web. | ||
| 550 | _aDigitized and made available by: Books24x7.com. | ||
| 650 | 0 | _aShort circuits. | |
| 650 | 0 | _aElectric circuit analysis. | |
| 650 | 0 |
_aElectric power systems _xMathematical models. |
|
| 655 | 7 |
_aElectronic books. _2lcsh |
|
| 710 | 2 | _aBooks24x7, Inc. | |
| 856 | 4 | 0 |
_uhttp://www.columbia.edu/cgi-bin/cul/resolve?clio7722048 _zClick here for full text. |
| 942 |
_2ddc _cBK |
||
| 999 |
_c355832 _d355832 |
||